000 01686nam0a2200325 4500
001 RU\NLR\bibl\548841
005 20260405233201.0
010 _a5-89896-241-7
_9500
021 _aRU
_b2004-43750
_92169
035 _a(NLR Aleph) 000541029
090 _a1412996
_c1412996
100 _a20040903d2004 |||y0rusy50 ca
101 0 _arus
102 _aRU
105 _aa |||||||||
200 1 _aПедагогическая компетентность в жизни человека
_e(Размышления и раздумья "неклассич." педагога)
_eКн. для чтения
_fО.С. Орлов
_gМ-во образования и науки Рос. Федерации, Новгор. гос. ун-т им. Ярослава Мудрого
210 _aВеликий Новгород
_cНовГУ
_d2004
215 _a60 с.
_cил.
_d21
300 _aНа 4-й с. авт.: О.С. Орлов, проф., засл. учитель шк. Рос. Федерации, лауреат премии Правительства РФ в обл. образования
320 _aБиблиогр.: с. 56-58 (40 назв.)
606 0 _aПедагогика
_xСоциологические исследования
_91847527
_3RU\NLR\auth\66836895
606 0 _aОбразование
_xСоциализация
_92162575
_3RU\NLR\auth\661301370
686 _aЧ30в2
700 1 _4220
_7ca
_8rus
_aОрлов
_bО. С.
_cканд. пед. наук
_f1941-2022
_gОлег Сергеевич
_989859
_3RU\NLR\AUTH\77106934
801 0 _aRU
_bNLR
_c20040903
_gPSBO
801 1 _aRU
_bNLR
_c20040903
830 _aАвт. по кн.
942 _cBOOK
980 _aNB